| 000 | 01264 a2200349 4500 | ||
|---|---|---|---|
| 001 | 200467070 | ||
| 003 | TR-AnTOB | ||
| 005 | 20260116105414.0 | ||
| 008 | 041102s1993 tu tur | ||
| 020 | _a9751605695 | ||
| 035 | _a16085 | ||
| 040 |
_aTR-AnTOB _beng _erda _cTR-AnTOB |
||
| 041 | _atur | ||
| 050 |
_aCD6274 _b.E75 1993 |
||
| 090 | _aCD6274 .E75 1993 | ||
| 100 |
_aErkanal, Armağan _96993 |
||
| 245 | 0 |
_aAnadolu'da bulunan Suriye kökenli mühürler ve mühür baskıları = _bDie in Anatolien vorkommenden altsyrischen siegel und siegelabdrucke / _cArmağan Erkanal. |
|
| 264 | 1 |
_aAnkara : _bAtatürk Kültür, Dil ve Tarih Yüksek Kurumu Türk Tarih Kurumu, _c1993 |
|
| 300 |
_axxi, 208 p. : _blev. , ill. ; _c28 cm. |
||
| 336 |
_atext _btxt _2rdacontent |
||
| 337 |
_aunmediated _bn _2rdamedia |
||
| 338 |
_avolume _bnc _2rdacarrier |
||
| 490 | 0 |
_aAtatürk Kültür, Dil ve Tarih Yüksek Kurumu Türk Tarih Kurumu Yayınları; vi. _adizi-Sayı; 42 |
|
| 500 | _aIncludes index. | ||
| 650 | 0 |
_aMühürler (Madeni paralar) _zTürkiye _96994 |
|
| 650 | 0 |
_aMadeni paralar _zTürkiye _96995 |
|
| 651 | 7 |
_aTürkiye _xEski eserler _2etuturkob _9122509 |
|
| 651 |
_aAsur _xTarihi eserler _96996 |
||
| 902 | _a0010433 | ||
| 942 |
_cBK _2lcc |
||
| 999 |
_c200467070 _d85282 |
||